Tesoros de la pintura en los museos de Florencia (Record no. 18411)

MARC details
000 -LEADER
campo de control de longitud fija 00854nam a2200229 i 4500
001 - NÚMERO DE CONTROL
campo de control 18411
003 - IDENTIFICADOR DE NÚMERO DE CONTROL
campo de control ES-MaACL
005 - FECHA Y HORA DE LA ÚLTIMA TRANSACCIÓN
campo de control 20250829045821.0
007 - CAMPO FIJO DE DESCRIPCIÓN FÍSICA--INFORMACIÓN GENERAL
campo de control de longitud fija t|
008 - DATOS DE LONGITUD FIJA--INFORMACIÓN GENERAL
campo de control de longitud fija 960220s1966 sp |||| | spa d
100 0# - ENTRADA PRINCIPAL--NOMBRE DE PERSONA
Nombre de persona Rossi, Filippo.
9 (RLIN) 99870
245 10 - MENCIÓN DEL TÍTULO
Título Tesoros de la pintura en los museos de Florencia
Resto del título : (los Oficios y el Palacio Pitti) /
Mención de responsabilidad, etc. Filippo Rossi ; traducción de Juan-Ernesto Vinerdall.
260 ## - PUBLICACIÓN, DISTRIBUCIÓN, ETC.
Lugar de publicación, distribución, etc. Barcelona :
Nombre del editor, distribuidor, etc. Daimon,
Fecha de publicación, distribución, etc. [1966]
300 ## - DESCRIPCIÓN FÍSICA
Extensión 319 p., 42 lám. neg. y col. ;
Dimensiones 21 cm.
490 1# - MENCIÓN DE SERIE
Mención de serie Colección "Tesoros de los Grandes Museos" ;
Designación de volumen o secuencia 8
650 #4 - PUNTO DE ACCESO ADICIONAL DE MATERIA--TÉRMINO DE MATERIA
Término de materia o nombre geográfico como elemento de entrada Pintura-
Subdivisión geográfica Florencia.
9 (RLIN) 161976
650 #4 - PUNTO DE ACCESO ADICIONAL DE MATERIA--TÉRMINO DE MATERIA
Término de materia o nombre geográfico como elemento de entrada Museos de arte-
Subdivisión geográfica Florencia.
9 (RLIN) 15372
700 0# - ENTRADA AGREGADA--NOMBRE PERSONAL
Nombre de persona Vinardell, Juan Ernesto.
9 (RLIN) 115298
830 00 - PUNTO DE ACCESO ADICIONAL DE SERIE-TÍTULO UNIFORME
Título uniforme Colección "Tesoros de los grandes museos"
Designación de volumen o secuencia 8
9 (RLIN) 178969
852 ## - LOCALIZACIÓN
Ubicación ES-MaACL
Número de control de estantería P-583-Bis-8
Holdings
Estatus retirado Estado de pérdida Estado de daño No para préstamo Biblioteca de origen Biblioteca actual Ubicación en estantería Fecha de adquisición Fuente de adquisición Total de préstamos Signatura topográfica completa Código de barras Visto por última vez Precio de reemplazo Tipo de ítem Koha
        Biblioteca del Ateneo de Madrid Biblioteca del Ateneo de Madrid Depósito 2 28/06/2019     P-583-Bis-8 1200951 23/02/2023 23/02/2023 Libro impreso